000 00880nam a2200217Ia 4500
008 0000002000 pr a 0000000000spa00
090 _aPPR00 R62b
100 1 _aRodríguez Luiggi, Edgard
_d1968
245 1 0 _aBestiario
_b: Edgard Rodríguez Luiggi
_c/ fotografías Antonio Ramírez Aponte
264 _aHumacao (Puerto Rico) : Museo Casa Roig
300 _a[8] p.
_c/ 28 cm.
500 _aExposición realizada en Museo Casa Roig, Humacao, Septiembre 29 Noviembre 12, 2000 \ Con el patronazgo del maestro venezolano Jesús Rafael Soto (q.e.p.d.)
600 0 0 _aRODRIGUEZ LUIGGI, EDGARD, 1968/
_xTRABAJOS PICTORICOS
650 1 4 _aARTE CONTEMPORANEO PUERTORRIQUEÑO
650 1 4 _xCATALOGOS
650 1 4 _xEXPOSICIONES
650 1 4 _aPINTORES PUERTORRIQUEÑOS
650 1 4 _aPINTURA PUERTORRIQUEÑA
700 1 _aRamírez Aponte, Antonio
999 _c7128
_d7128
260 _c2000